01467aam a2200325 a 4500001001000000003000400010005001700014008004100031020002700072020002400099040003000123082002300153100003500176245007800211260011400289300003500403504006600438650002800504650003100532650004200563650001900605650003300624650002800657653002200685942002700707999001700734952013300751952013600884952012101020015380261OSt20131114112320.0090512s2009 ilu b 001 0 eng c a9780226673158 (hbk.) : a0226673154 (hbk.) : aStDuBDSbengcStDuBDSdUk00a330.91732222bPOL1 aPolèse, Mario,d1943-93446614aThe wealth and poverty of regions :bwhy cities matter /cMario Polèse. aChicago, Ill. :bUniversity of Chicago Press ;aBristol :bUniversity Presses Marketing [distributor],c2009. axiii, 254 p. :bill. ;c20 cm. aIncludes bibliographical references (p. [241]-249) and index. 0aUrban economics.917758 0aRegional economics.927446 0aRegional economic disparities.934467 0aWealth.922963 0aEconomic development.934468 0aHuman geography.934469 bEcocNovember2013 2ddccBBk330.91732 POL c17762d17734 00102ddc40708BaccahaMAINbMAINc1STd2013-11-14epurchasel1o330.91732 POLp000035085r2025-07-15 00:00:00s2016-05-04yBB 00102ddc40708BaccahaMAINbMAINc1STd2013-11-14epurchasel2m1o330.91732 POLp000035086r2025-07-15 00:00:00s2016-05-03yBB 00102ddc40708BaccahaMAINbMAINc1STd2013-11-14epurchasel0o330.91732 POLp000035087r2025-07-15 00:00:00yBB